00629nam a2200217Ia 4500008004100000020001800041050001600059100002200075245002600097245002500123260001200148260001500160260000900175300001500184300002600199300001000225300003700235440000600272999001900278952011400297170918s9999 xx 000 0 und d a9781597072380 bS857gr 2011 aStilton, Geronimo aDinosaurs in action / cby Geronimo Stilton. aChina : bPapercutz, c2011 a50 pages : bcolor illustrations ; c23cm. eGeronimo Stilton graphic Novel ; a7 c343657d343657 001040aSSISMbSSISMd2017-09-18l0oGS FIC S857gr 2011 bk 7pSSISM2729r2017-09-18 00:00:00w2017-09-18yBK